[Event "Masters Tournament (MTO)"]
[Site "Biel, CH"]
[Date "2025.07.21"]
[Round "7"]
[White "Kumbharathi, Vedansh"]
[Black "Monteverde, Jonathan"]
[Result "1-0"]
[Board "37"]
[WhiteFideId "30998395"]
[BlackFideId "1314580"]
[WhiteElo "1931"]
[BlackElo "2127"]
[WhiteTeam "USA"]
[BlackTeam "SUI"]
[WhiteClock "0:54:06"]
[BlackClock "0:14:09"]
[Variant "Standard"]

1. e4 {[%clk 1:40:46]}  c5 {[%clk 1:40:53]} 2. c3 {[%clk 1:41:01]}  Nf6 {[%clk 1:41:11]} 3. e5 {[%clk 1:41:13]}  Nd5 {[%clk 1:41:33]} 4. Nf3 {[%clk 1:41:38]}  d6 {[%clk 1:41:19]} 5. Bb5+ {[%clk 1:41:32]}  Bd7 {[%clk 1:40:49]} 6. Bc4 {[%clk 1:41:34]}  e6 {[%clk 1:40:32]} 7. d4 {[%clk 1:41:28]}  Nb6 {[%clk 1:36:22]} 8. Be2 {[%clk 1:37:23]}  Nc6 {[%clk 1:35:52]} 9. exd6 {[%clk 1:33:11]}  Bxd6 {[%clk 1:34:42]} 10. dxc5 {[%clk 1:33:00]}  Bxc5 {[%clk 1:34:41]} 11. O-O {[%clk 1:32:08]}  Be7 {[%clk 1:31:54]} 12. Nbd2 {[%clk 1:30:15]}  O-O {[%clk 1:32:04]} 13. c4 {[%clk 1:25:46]}  e5 {[%clk 1:24:03]} 14. b3 {[%clk 1:23:50]}  Bf5 {[%clk 1:12:16]} 15. Bb2 {[%clk 1:21:42]}  Bf6 {[%clk 1:09:28]} 16. c5 {[%clk 1:15:12]}  Nd5 {[%clk 1:02:53]} 17. Nc4 {[%clk 1:11:30]}  e4 {[%clk 0:52:47]} 18. Nd4 {[%clk 1:08:17]}  Nxd4 {[%clk 0:15:30]} 19. Bxd4 {[%clk 1:08:32]}  Bxd4 {[%clk 0:15:18]} 20. Qxd4 {[%clk 1:08:47]}  Nf4 {[%clk 0:15:35]} 21. Qe3 {[%clk 1:06:18]}  Qg5 {[%clk 0:15:22]} 22. g3 {[%clk 1:05:19]}  Nxe2+ {[%clk 0:15:41]} 23. Qxe2 {[%clk 1:05:45]}  Bh3 {[%clk 0:11:53]} 24. Rfe1 {[%clk 1:03:27]}  Qxc5 {[%clk 0:10:45]} 25. Qxe4 {[%clk 1:03:07]}  b5 {[%clk 0:10:11]} 26. Ne3 {[%clk 1:02:24]}  Rfe8 {[%clk 0:09:06]} 27. Qf3 {[%clk 1:01:02]}  Be6 {[%clk 0:08:36]} 28. Red1 {[%clk 0:59:03]}  Rac8 {[%clk 0:07:31]} 29. Rd2 {[%clk 0:57:41]}  a5 {[%clk 0:05:57]} 30. Rad1 {[%clk 0:56:28]}  Qg5 {[%clk 0:04:42]} 31. h4 {[%clk 0:55:02]}  Qg6 {[%clk 0:04:29]} 32. Qb7 {[%clk 0:52:31]}  Qh5 {[%clk 0:03:10]} 33. Qb6 {[%clk 0:49:40]}  h6 {[%clk 0:01:33]} 34. Qxa5 {[%clk 0:48:39]}  Qf3 {[%clk 0:01:43]} 35. Qxb5 {[%clk 0:47:38]}  Bh3 {[%clk 0:01:55]} 36. Kh2 {[%clk 0:47:38]}  Be6 {[%clk 0:01:07]} 37. Qf1 {[%clk 0:46:26]}  Rc3 {[%clk 0:00:54]} 38. Rd8 {[%clk 0:45:45]}  Rxd8 {[%clk 0:01:00]} 39. Rxd8+ {[%clk 0:46:12]}  Kh7 {[%clk 0:01:24]} 40. Rd3 {[%clk 0:46:16]}  Rxd3 {[%clk 0:00:58]} 41. Qxd3+ {[%clk 0:45:58]}  g6 {[%clk 0:28:38]} 42. Kg1 {[%clk 1:14:15]}  Qf6 {[%clk 0:26:59]} 43. a4 {[%clk 1:07:21]}  Bc8 {[%clk 0:21:13]} 44. Qb5 {[%clk 1:03:48]}  Ba6 {[%clk 0:20:55]} 45. Qd5 {[%clk 1:03:22]}  Qe7 {[%clk 0:20:14]} 46. b4 {[%clk 1:02:43]}  Bb7 {[%clk 0:20:31]} 47. Qd4 {[%clk 1:02:57]}  Ba8 {[%clk 0:18:11]} 48. Qf4 {[%clk 1:00:12]}  Kg7 {[%clk 0:15:15]} 49. b5 {[%clk 0:57:45]}  Qb7 {[%clk 0:15:05]} 50. f3 {[%clk 0:55:41]}  Qc8 {[%clk 0:15:22]} 51. Ng4 {[%clk 0:54:11]}  Qd8 {[%clk 0:13:30]} 52. Qxh6+ {[%clk 0:52:55]}  Kg8 {[%clk 0:13:56]} 53. Qf4 {[%clk 0:53:11]}  Qd1+ {[%clk 0:14:02]} 54. Kg2 {[%clk 0:53:39]}  Qe2+ {[%clk 0:14:09]} 55. Nf2 {[%clk 0:54:06]} 1-0

[Event "Masters Tournament (MTO)"]
[Site "Biel, CH"]
[Date "2025.07.21"]
[Round "7"]
[White "He, Junchen"]
[Black "Maria, Lia-Alexandra"]
[Result "1/2-1/2"]
[Board "38"]
[WhiteFideId "8642427"]
[BlackFideId "1248952"]
[BlackTitle "WFM"]
[WhiteElo "2007"]
[BlackElo "2120"]
[WhiteTeam "CHN"]
[BlackTeam "ROU"]
[WhiteClock "0:01:23"]
[BlackClock "0:20:22"]
[Variant "Standard"]

1. c4 {[%clk 1:40:57]}  e5 {[%clk 1:39:43]} 2. Nc3 {[%clk 1:41:15]}  Nf6 {[%clk 1:40:09]} 3. Nf3 {[%clk 1:41:36]}  Nc6 {[%clk 1:40:31]} 4. g3 {[%clk 1:42:00]}  Nd4 {[%clk 1:40:32]} 5. Bg2 {[%clk 1:36:13]}  Nxf3+ {[%clk 1:40:56]} 6. Bxf3 {[%clk 1:34:46]}  Bc5 {[%clk 1:38:01]} 7. e3 {[%clk 1:29:33]}  O-O {[%clk 1:35:11]} 8. O-O {[%clk 1:25:35]}  d6 {[%clk 1:26:08]} 9. d4 {[%clk 1:21:22]}  Bb6 {[%clk 1:25:32]} 10. b4 {[%clk 1:13:58]}  c6 {[%clk 1:08:26]} 11. Ba3 {[%clk 1:02:38]}  exd4 {[%clk 1:12:41]} 12. exd4 {[%clk 0:58:52]}  Be6 {[%clk 1:09:40]} 13. d5 {[%clk 0:52:06]}  cxd5 {[%clk 1:09:54]} 14. Nxd5 {[%clk 0:51:59]}  Nxd5 {[%clk 1:08:41]} 15. Bxd5 {[%clk 0:51:37]}  Rc8 {[%clk 1:07:47]} 16. Rc1 {[%clk 0:50:00]}  Qf6 {[%clk 0:58:51]} 17. c5 {[%clk 0:43:53]}  Bc7 {[%clk 0:57:29]} 18. Bxb7 {[%clk 0:35:35]}  Rcd8 {[%clk 0:55:04]} 19. Qe2 {[%clk 0:31:35]}  d5 {[%clk 0:50:19]} 20. Bb2 {[%clk 0:27:20]}  Qg6 {[%clk 0:52:41]} 21. Bd4 {[%clk 0:25:45]}  Bg4 {[%clk 0:43:24]} 22. f3 {[%clk 0:18:33]}  Rfe8 {[%clk 0:48:03]} 23. Qf2 {[%clk 0:18:25]}  Bh3 {[%clk 0:46:36]} 24. Rfe1 {[%clk 0:18:11]}  Qd3 {[%clk 0:39:35]} 25. Bc6 {[%clk 0:15:29]}  Re6 {[%clk 0:33:19]} 26. Rcd1 {[%clk 0:14:38]}  Qc4 {[%clk 0:38:17]} 27. b5 {[%clk 0:10:32]}  h5 {[%clk 0:37:21]} 28. Qd2 {[%clk 0:06:57]}  Rxe1+ {[%clk 0:33:22]} 29. Qxe1 {[%clk 0:05:25]}  Qxa2 {[%clk 0:34:17]} 30. Qd2 {[%clk 0:04:30]}  Qa4 {[%clk 0:31:22]} 31. Ra1 {[%clk 0:05:12]}  Qc4 {[%clk 0:31:02]} 32. Rc1 {[%clk 0:05:17]}  Qa4 {[%clk 0:29:13]} 33. Ra1 {[%clk 0:05:07]}  Qc4 {[%clk 0:29:26]} 34. Kf2 {[%clk 0:02:53]}  a6 {[%clk 0:21:39]} 35. Rc1 {[%clk 0:01:38]}  Qa4 {[%clk 0:20:38]} 36. Ra1 {[%clk 0:02:00]}  Qc4 {[%clk 0:20:52]} 37. Rc1 {[%clk 0:01:27]}  Qa4 {[%clk 0:21:16]} 38. Ra1 {[%clk 0:01:23]}  Qc4 {[%clk 0:20:22]} 1/2-1/2

[Event "Masters Tournament (MTO)"]
[Site "Biel, CH"]
[Date "2025.07.21"]
[Round "7"]
[White "Cervelli, Eduard"]
[Black "Aryan Goyal"]
[Result "1-0"]
[Board "40"]
[WhiteFideId "1351800"]
[BlackFideId "366108825"]
[WhiteElo "2086"]
[BlackElo "1906"]
[WhiteTeam "SUI"]
[BlackTeam "IND"]
[WhiteClock "1:13:16"]
[BlackClock "0:45:01"]
[Variant "Standard"]

1. e4 {[%clk 1:40:56]}  e5 {[%clk 1:40:22]} 2. Nf3 {[%clk 1:41:20]}  Nc6 {[%clk 1:40:48]} 3. Bc4 {[%clk 1:41:45]}  Bc5 {[%clk 1:41:16]} 4. c3 {[%clk 1:42:08]}  Nf6 {[%clk 1:41:42]} 5. d4 {[%clk 1:42:33]}  exd4 {[%clk 1:41:47]} 6. b4 {[%clk 1:42:57]}  Bb6 {[%clk 1:41:22]} 7. e5 {[%clk 1:43:21]}  d5 {[%clk 1:41:04]} 8. exf6 {[%clk 1:43:46]}  dxc4 {[%clk 1:39:42]} 9. Qe2+ {[%clk 1:44:08]}  Be6 {[%clk 1:39:41]} 10. b5 {[%clk 1:35:49]}  Na5 {[%clk 1:31:36]} 11. fxg7 {[%clk 1:44:50]}  Rg8 {[%clk 1:31:50]} 12. cxd4 {[%clk 1:45:12]}  Bxd4 {[%clk 1:24:40]} 13. Nxd4 {[%clk 1:45:31]}  Qxd4 {[%clk 1:24:37]} 14. Bb2 {[%clk 1:45:53]}  Qd3 {[%clk 1:24:45]} 15. Bf6 {[%clk 1:46:05]}  Kd7 {[%clk 1:21:59]} 16. Nc3 {[%clk 1:44:12]}  Qxe2+ {[%clk 1:20:06]} 17. Kxe2 {[%clk 1:43:44]}  Rae8 {[%clk 1:19:59]} 18. Rad1+ {[%clk 1:41:48]}  Kc8 {[%clk 1:19:48]} 19. Kf3 {[%clk 1:41:50]}  b6 {[%clk 0:54:40]} 20. Ne4 {[%clk 1:17:10]}  Bf5 {[%clk 0:51:02]} 21. Ng5 {[%clk 1:11:54]}  Bg6 {[%clk 1:06:25]} 22. h4 {[%clk 1:11:39]}  h6 {[%clk 0:52:17]} 23. h5 {[%clk 1:11:56]}  hxg5 {[%clk 0:49:58]} 24. hxg6 {[%clk 1:09:10]}  fxg6 {[%clk 0:45:21]} 25. Rh8 {[%clk 1:12:23]}  Nb7 {[%clk 0:45:14]} 26. Rxg8 {[%clk 1:11:52]}  Rxg8 {[%clk 0:45:40]} 27. Rh1 {[%clk 1:12:12]}  Kd7 {[%clk 0:44:35]} 28. Rh8 {[%clk 1:12:30]}  Ke6 {[%clk 0:44:35]} 29. Rxg8 {[%clk 1:12:52]}  Kxf6 {[%clk 0:45:01]} 30. Rb8 {[%clk 1:13:16]} 1-0

[Event "Masters Tournament (MTO)"]
[Site "Biel, CH"]
[Date "2025.07.21"]
[Round "7"]
[White "Hirzel, Cedric"]
[Black "Hoffmann, Alexander"]
[Result "1-0"]
[Board "42"]
[WhiteFideId "1341910"]
[BlackFideId "16240219"]
[WhiteElo "2141"]
[BlackElo "1872"]
[WhiteTeam "SUI"]
[BlackTeam "GER"]
[WhiteClock "0:16:30"]
[BlackClock "0:19:06"]
[Variant "Standard"]

1. e4 {[%clk 1:40:48]}  c5 {[%clk 1:40:51]} 2. Nf3 {[%clk 1:41:12]}  e6 {[%clk 1:41:15]} 3. d4 {[%clk 1:41:37]}  cxd4 {[%clk 1:41:38]} 4. Nxd4 {[%clk 1:42:02]}  a6 {[%clk 1:42:00]} 5. h4 {[%clk 1:42:14]}  b5 {[%clk 1:38:08]} 6. a4 {[%clk 1:35:39]}  b4 {[%clk 1:32:14]} 7. Nd2 {[%clk 1:41:49]}  Bb7 {[%clk 1:30:53]} 8. Bd3 {[%clk 1:41:12]}  Nc6 {[%clk 1:25:54]} 9. Nxc6 {[%clk 1:40:10]}  Bxc6 {[%clk 1:25:33]} 10. b3 {[%clk 1:38:29]}  Be7 {[%clk 1:23:28]} 11. Bb2 {[%clk 1:37:26]}  Bf6 {[%clk 1:23:32]} 12. e5 {[%clk 1:32:44]}  Be7 {[%clk 1:10:44]} 13. Qg4 {[%clk 1:28:55]}  g6 {[%clk 1:07:37]} 14. h5 {[%clk 1:24:30]}  Nh6 {[%clk 1:06:21]} 15. Qg3 {[%clk 1:22:26]}  g5 {[%clk 0:59:20]} 16. Nc4 {[%clk 1:15:52]}  O-O {[%clk 0:49:38]} 17. O-O-O {[%clk 0:52:32]}  Kh8 {[%clk 0:46:50]} 18. Kb1 {[%clk 0:47:13]}  Rg8 {[%clk 0:43:41]} 19. Rhe1 {[%clk 0:44:03]}  Rg7 {[%clk 0:41:23]} 20. Be4 {[%clk 0:42:56]}  Bxe4 {[%clk 0:39:27]} 21. Rxe4 {[%clk 0:40:44]}  Qc7 {[%clk 0:36:53]} 22. Qd3 {[%clk 0:40:23]}  Bc5 {[%clk 0:35:06]} 23. Qxd7 {[%clk 0:31:14]}  Qxd7 {[%clk 0:34:02]} 24. Rxd7 {[%clk 0:31:41]}  Bxf2 {[%clk 0:34:15]} 25. Nd6 {[%clk 0:31:52]}  g4 {[%clk 0:29:26]} 26. Rxb4 {[%clk 0:31:09]}  g3 {[%clk 0:29:39]} 27. Rbb7 {[%clk 0:25:20]}  Kg8 {[%clk 0:26:45]} 28. Bc1 {[%clk 0:24:23]}  Nf5 {[%clk 0:25:13]} 29. Nxf5 {[%clk 0:24:06]}  exf5 {[%clk 0:25:34]} 30. e6 {[%clk 0:24:04]}  Bc5 {[%clk 0:23:00]} 31. Bh6 {[%clk 0:22:01]}  Rg4 {[%clk 0:21:37]} 32. exf7+ {[%clk 0:22:18]}  Kh8 {[%clk 0:21:59]} 33. Bc1 {[%clk 0:21:32]}  Kg7 {[%clk 0:21:19]} 34. Rd5 {[%clk 0:16:50]}  f4 {[%clk 0:19:32]} 35. Rxc5 {[%clk 0:16:01]}  f3 {[%clk 0:19:53]} 36. Rf5 {[%clk 0:16:13]}  fxg2 {[%clk 0:19:06]} 37. f8=Q# {[%clk 0:16:30]} 1-0

[Event "Masters Tournament (MTO)"]
[Site "Biel, CH"]
[Date "2025.07.21"]
[Round "7"]
[White "Madsen, Jens Ingemann"]
[Black "Leonov, Leonid"]
[Result "1-0"]
[Board "43"]
[WhiteFideId "1434993"]
[BlackFideId "1698052"]
[WhiteElo "1935"]
[BlackElo "2089"]
[WhiteTeam "DEN"]
[BlackTeam "AUT"]
[WhiteClock "0:07:22"]
[BlackClock "0:34:14"]
[Variant "Standard"]

1. e4 {[%clk 1:40:58]}  g6 {[%clk 1:39:17]} 2. d4 {[%clk 1:41:11]}  Bg7 {[%clk 1:39:42]} 3. Nf3 {[%clk 1:41:13]}  d6 {[%clk 1:40:07]} 4. Bd3 {[%clk 1:38:24]}  e5 {[%clk 1:38:21]} 5. dxe5 {[%clk 1:33:18]}  dxe5 {[%clk 1:38:45]} 6. O-O {[%clk 1:32:57]}  Ne7 {[%clk 1:36:42]} 7. Bg5 {[%clk 1:25:06]}  Be6 {[%clk 1:34:33]} 8. Nc3 {[%clk 1:21:06]}  c6 {[%clk 1:36:46]} 9. Qe2 {[%clk 1:20:04]}  h6 {[%clk 1:36:24]} 10. Bh4 {[%clk 1:14:09]}  Nd7 {[%clk 1:36:20]} 11. Bc4 {[%clk 1:12:07]}  Nc5 {[%clk 1:35:52]} 12. b4 {[%clk 1:10:00]}  Bxc4 {[%clk 1:35:30]} 13. Qxc4 {[%clk 1:10:24]}  Ne6 {[%clk 1:35:58]} 14. Rad1 {[%clk 1:10:26]}  Qc7 {[%clk 1:35:21]} 15. Bg3 {[%clk 1:03:19]}  O-O {[%clk 1:33:12]} 16. Rd2 {[%clk 0:59:54]}  Rfd8 {[%clk 1:30:50]} 17. Rfd1 {[%clk 1:00:05]}  Rxd2 {[%clk 1:31:07]} 18. Rxd2 {[%clk 1:00:12]}  a5 {[%clk 1:26:05]} 19. b5 {[%clk 0:53:55]}  g5 {[%clk 1:28:16]} 20. h4 {[%clk 0:50:20]}  g4 {[%clk 1:23:45]} 21. Nh2 {[%clk 0:49:05]}  h5 {[%clk 1:16:05]} 22. f3 {[%clk 0:39:33]}  Bh6 {[%clk 1:10:53]} 23. Rd1 {[%clk 0:37:00]}  Qb6+ {[%clk 1:07:41]} 24. Kh1 {[%clk 0:29:57]}  Bf4 {[%clk 0:59:15]} 25. Be1 {[%clk 0:23:38]}  Nd4 {[%clk 0:57:20]} 26. bxc6 {[%clk 0:15:25]}  bxc6 {[%clk 0:51:14]} 27. fxg4 {[%clk 0:15:13]}  hxg4 {[%clk 0:45:55]} 28. Nxg4 {[%clk 0:08:15]}  Qc7 {[%clk 0:38:13]} 29. Nf6+ {[%clk 0:11:58]}  Kf8 {[%clk 0:38:19]} 30. Nfd5 {[%clk 0:11:11]}  Nxd5 {[%clk 0:36:02]} 31. Nxd5 {[%clk 0:11:15]}  Qd7 {[%clk 0:35:56]} 32. Qc5+ {[%clk 0:08:15]}  Kg7 {[%clk 0:36:13]} 33. Nxf4 {[%clk 0:08:27]}  Qg4 {[%clk 0:36:35]} 34. Qxe5+ {[%clk 0:08:35]}  f6 {[%clk 0:36:09]} 35. Qc7+ {[%clk 0:07:12]}  Kh6 {[%clk 0:34:14]} 36. Rxd4 {[%clk 0:07:22]} 1-0

[Event "Masters Tournament (MTO)"]
[Site "Biel, CH"]
[Date "2025.07.21"]
[Round "7"]
[White "Stevens, Christian"]
[Black "Glasschroeder, Maximilian"]
[Result "0-1"]
[Board "44"]
[WhiteFideId "649090"]
[BlackFideId "34652590"]
[WhiteElo "2050"]
[BlackElo "1886"]
[WhiteTeam "FRA"]
[BlackTeam "GER"]
[WhiteClock "0:17:34"]
[BlackClock "0:03:21"]
[Variant "Standard"]

1. Nf3 {[%clk 1:40:55]}  Nf6 {[%clk 1:40:43]} 2. g3 {[%clk 1:41:14]}  d5 {[%clk 1:39:58]} 3. Bg2 {[%clk 1:41:10]}  c5 {[%clk 1:40:09]} 4. O-O {[%clk 1:39:57]}  e6 {[%clk 1:39:18]} 5. d3 {[%clk 1:39:06]}  Nc6 {[%clk 1:38:30]} 6. Nbd2 {[%clk 1:39:03]}  Be7 {[%clk 1:38:02]} 7. Re1 {[%clk 1:33:10]}  O-O {[%clk 1:36:43]} 8. e4 {[%clk 1:31:27]}  Re8 {[%clk 1:33:17]} 9. c3 {[%clk 1:29:19]}  b5 {[%clk 1:18:13]} 10. Qc2 {[%clk 0:58:12]}  Qb6 {[%clk 1:04:07]} 11. a4 {[%clk 0:53:34]}  b4 {[%clk 0:47:17]} 12. e5 {[%clk 0:53:08]}  Nd7 {[%clk 0:40:51]} 13. c4 {[%clk 0:52:16]}  dxc4 {[%clk 0:32:49]} 14. Nxc4 {[%clk 0:51:35]}  Qc7 {[%clk 0:32:51]} 15. b3 {[%clk 0:50:05]}  Bb7 {[%clk 0:30:32]} 16. Bb2 {[%clk 0:47:15]}  Nb6 {[%clk 0:28:46]} 17. Rad1 {[%clk 0:42:58]}  Rad8 {[%clk 0:25:43]} 18. h4 {[%clk 0:39:06]}  Nxc4 {[%clk 0:25:36]} 19. dxc4 {[%clk 0:38:52]}  h6 {[%clk 0:20:51]} 20. Re3 {[%clk 0:30:22]}  Rxd1+ {[%clk 0:22:37]} 21. Qxd1 {[%clk 0:30:45]}  Rd8 {[%clk 0:22:47]} 22. Rd3 {[%clk 0:31:05]}  Rxd3 {[%clk 0:15:50]} 23. Qxd3 {[%clk 0:31:27]}  Qd8 {[%clk 0:14:21]} 24. Qxd8+ {[%clk 0:30:40]}  Bxd8 {[%clk 0:14:39]} 25. Nd2 {[%clk 0:27:07]}  Na5 {[%clk 0:07:55]} 26. f4 {[%clk 0:28:14]}  Bxg2 {[%clk 0:06:57]} 27. Kxg2 {[%clk 0:28:42]}  g5 {[%clk 0:06:56]} 28. fxg5 {[%clk 0:23:00]}  hxg5 {[%clk 0:07:17]} 29. hxg5 {[%clk 0:22:44]}  Bxg5 {[%clk 0:07:23]} 30. Ne4 {[%clk 0:22:55]}  Be7 {[%clk 0:07:01]} 31. Nd2 {[%clk 0:21:03]}  Bg5 {[%clk 0:07:17]} 32. Ne4 {[%clk 0:21:23]}  Be7 {[%clk 0:07:39]} 33. Nd2 {[%clk 0:21:02]}  Bf8 {[%clk 0:04:19]} 34. Kf3 {[%clk 0:17:21]}  Bh6 {[%clk 0:03:38]} 35. Ne4 {[%clk 0:17:30]}  Nxb3 {[%clk 0:03:46]} 36. g4 {[%clk 0:17:32]}  Nd2+ {[%clk 0:03:26]} 37. Nxd2 {[%clk 0:17:43]}  Bxd2 {[%clk 0:03:52]} 38. Ke2 {[%clk 0:17:38]}  Bg5 {[%clk 0:04:00]} 39. Kd3 {[%clk 0:17:34]}  Kf8 {[%clk 0:03:21]} 0-1

[Event "Masters Tournament (MTO)"]
[Site "Biel, CH"]
[Date "2025.07.21"]
[Round "7"]
[White "Jordan, Theodor"]
[Black "Papaux, Jeremie"]
[Result "1/2-1/2"]
[Board "45"]
[WhiteFideId "1353152"]
[BlackFideId "1340867"]
[WhiteElo "1934"]
[BlackElo "2020"]
[WhiteTeam "SUI"]
[BlackTeam "SUI"]
[WhiteClock "0:46:11"]
[BlackClock "0:02:21"]
[Variant "Standard"]

1. e4 {[%clk 1:40:58]}  c5 {[%clk 1:40:51]} 2. Nf3 {[%clk 1:41:24]}  d6 {[%clk 1:41:12]} 3. d4 {[%clk 1:41:50]}  cxd4 {[%clk 1:41:35]} 4. Nxd4 {[%clk 1:42:17]}  Nf6 {[%clk 1:41:59]} 5. Nc3 {[%clk 1:42:33]}  a6 {[%clk 1:42:12]} 6. Be3 {[%clk 1:42:58]}  e5 {[%clk 1:42:35]} 7. Nb3 {[%clk 1:42:53]}  Be6 {[%clk 1:42:56]} 8. f3 {[%clk 1:43:52]}  h5 {[%clk 1:43:12]} 9. Nd5 {[%clk 1:44:18]}  Nxd5 {[%clk 1:41:42]} 10. exd5 {[%clk 1:44:45]}  Bf5 {[%clk 1:41:47]} 11. Bd3 {[%clk 1:44:56]}  Bxd3 {[%clk 1:41:36]} 12. Qxd3 {[%clk 1:45:17]}  Nd7 {[%clk 1:41:03]} 13. c4 {[%clk 1:45:10]}  Be7 {[%clk 1:37:39]} 14. O-O {[%clk 1:44:52]}  O-O {[%clk 1:36:01]} 15. f4 {[%clk 1:44:19]}  Bf6 {[%clk 1:28:49]} 16. Nd2 {[%clk 1:42:29]}  exf4 {[%clk 1:23:32]} 17. Bxf4 {[%clk 1:41:09]}  Be5 {[%clk 1:13:02]} 18. Be3 {[%clk 1:40:11]}  Qc7 {[%clk 1:04:47]} 19. Rab1 {[%clk 1:33:32]}  b5 {[%clk 0:53:31]} 20. cxb5 {[%clk 1:35:24]}  axb5 {[%clk 0:53:53]} 21. Qxb5 {[%clk 1:35:08]}  Rfb8 {[%clk 0:48:54]} 22. Qc6 {[%clk 1:34:12]}  Qd8 {[%clk 0:45:42]} 23. b4 {[%clk 1:30:34]}  Rc8 {[%clk 0:42:47]} 24. Qb5 {[%clk 1:29:28]}  Rxa2 {[%clk 0:43:07]} 25. Rfc1 {[%clk 1:22:56]}  Rac2 {[%clk 0:38:27]} 26. Nf3 {[%clk 1:17:20]}  Qe7 {[%clk 0:30:26]} 27. Rxc2 {[%clk 1:16:53]}  Rxc2 {[%clk 0:30:47]} 28. Rc1 {[%clk 1:16:37]}  Rxc1+ {[%clk 0:25:55]} 29. Bxc1 {[%clk 1:16:50]}  Nf6 {[%clk 0:25:43]} 30. Qc4 {[%clk 1:14:36]}  Ng4 {[%clk 0:20:10]} 31. Qc8+ {[%clk 1:13:50]}  Kh7 {[%clk 0:15:30]} 32. Qc2+ {[%clk 0:59:09]}  g6 {[%clk 0:19:30]} 33. g3 {[%clk 0:57:54]}  Qb7 {[%clk 0:15:03]} 34. h3 {[%clk 0:52:45]}  Qxb4 {[%clk 0:11:27]} 35. hxg4 {[%clk 0:48:18]}  Qxg4 {[%clk 0:11:44]} 36. Nxe5 {[%clk 0:45:48]}  Qxg3+ {[%clk 0:12:03]} 37. Kh1 {[%clk 0:46:05]}  Qxe5 {[%clk 0:11:32]} 38. Qd2 {[%clk 0:46:25]}  Qe4+ {[%clk 0:11:00]} 39. Kg1 {[%clk 0:45:47]}  Qg4+ {[%clk 0:09:42]} 40. Kh1 {[%clk 0:45:44]}  Qh3+ {[%clk 0:09:49]} 41. Kg1 {[%clk 0:45:58]}  Qg3+ {[%clk 0:09:05]} 42. Kh1 {[%clk 0:46:11]}  Qh3+ {[%clk 0:02:21]} 1/2-1/2

[Event "Masters Tournament (MTO)"]
[Site "Biel, CH"]
[Date "2025.07.21"]
[Round "7"]
[White "Stefan, Iulia-Cristiana"]
[Black "Jordan, Christina"]
[Result "1-0"]
[Board "46"]
[WhiteFideId "1273876"]
[BlackFideId "1347977"]
[WhiteTitle "WCM"]
[WhiteElo "2017"]
[BlackElo "1943"]
[WhiteTeam "ROU"]
[BlackTeam "SUI"]
[WhiteClock "0:15:23"]
[BlackClock "0:46:07"]
[Variant "Standard"]

1. d4 {[%clk 1:40:57]}  d5 {[%clk 1:40:49]} 2. Nf3 {[%clk 1:41:22]}  Bf5 {[%clk 1:41:14]} 3. c4 {[%clk 1:41:32]}  e6 {[%clk 1:41:36]} 4. Qb3 {[%clk 1:41:05]}  Nc6 {[%clk 1:38:37]} 5. a3 {[%clk 1:27:28]}  a6 {[%clk 1:21:39]} 6. Nc3 {[%clk 1:21:23]}  Na5 {[%clk 1:14:28]} 7. Qa4+ {[%clk 1:21:29]}  c6 {[%clk 1:14:20]} 8. c5 {[%clk 1:20:21]}  b5 {[%clk 1:12:57]} 9. cxb6 {[%clk 1:19:01]}  Qxb6 {[%clk 1:12:22]} 10. b4 {[%clk 1:16:45]}  Nb7 {[%clk 1:11:41]} 11. Ne5 {[%clk 1:03:23]}  Rc8 {[%clk 1:08:17]} 12. e3 {[%clk 0:59:21]}  a5 {[%clk 0:58:55]} 13. Nxc6 {[%clk 0:49:58]}  Rxc6 {[%clk 1:01:27]} 14. Bb5 {[%clk 0:50:00]}  Kd7 {[%clk 0:55:53]} 15. Bd2 {[%clk 0:44:20]}  axb4 {[%clk 0:55:17]} 16. axb4 {[%clk 0:44:24]}  Kc7 {[%clk 0:47:03]} 17. Bxc6 {[%clk 0:32:16]}  Qxc6 {[%clk 0:47:13]} 18. Nb5+ {[%clk 0:32:29]}  Kd7 {[%clk 0:46:04]} 19. Rc1 {[%clk 0:32:05]}  Qb6 {[%clk 0:46:07]} 20. Na7+ {[%clk 0:15:23]} 1-0